<?xml version="1.0" encoding="UTF-8"?>
<record
    xmlns:xsi="http://www.w3.org/2001/XMLSchema-instance"
    xsi:schemaLocation="http://www.loc.gov/MARC21/slim http://www.loc.gov/standards/marcxml/schema/MARC21slim.xsd"
    xmlns="http://www.loc.gov/MARC21/slim">

  <leader>00458nam a22001697a 4500</leader>
  <datafield tag="999" ind1=" " ind2=" ">
    <subfield code="c">1176</subfield>
    <subfield code="d">1176</subfield>
  </datafield>
  <controlfield tag="005">20211005102049.0</controlfield>
  <controlfield tag="008">160520b        xxu||||| |||| 00| 0 eng d</controlfield>
  <datafield tag="020" ind1=" " ind2=" ">
    <subfield code="a">81-85099-14-6</subfield>
  </datafield>
  <datafield tag="041" ind1=" " ind2=" ">
    <subfield code="a">eng</subfield>
  </datafield>
  <datafield tag="082" ind1=" " ind2=" ">
    <subfield code="b">3433</subfield>
  </datafield>
  <datafield tag="100" ind1=" " ind2=" ">
    <subfield code="a">Choudhury skh &amp; choudhury akh T Roy N</subfield>
    <subfield code="9">859</subfield>
  </datafield>
  <datafield tag="245" ind1=" " ind2=" ">
    <subfield code="a">Elements workshop technology Manufacturing  process</subfield>
  </datafield>
  <datafield tag="260" ind1=" " ind2=" ">
    <subfield code="b">Media promotion &amp; Pub.</subfield>
    <subfield code="c">2011</subfield>
  </datafield>
  <datafield tag="300" ind1=" " ind2=" ">
    <subfield code="a">670</subfield>
  </datafield>
  <datafield tag="650" ind1=" " ind2=" ">
    <subfield code="a">DIPLOMA ENGINEERING</subfield>
    <subfield code="9">817</subfield>
  </datafield>
  <datafield tag="942" ind1=" " ind2=" ">
    <subfield code="c">BK</subfield>
  </datafield>
  <datafield tag="952" ind1=" " ind2=" ">
    <subfield code="0">0</subfield>
    <subfield code="1">0</subfield>
    <subfield code="4">0</subfield>
    <subfield code="7">0</subfield>
    <subfield code="a">JRU</subfield>
    <subfield code="b">MAIN</subfield>
    <subfield code="c">SHELF-45-N</subfield>
    <subfield code="d">2016-05-20</subfield>
    <subfield code="g">260.00</subfield>
    <subfield code="l">1</subfield>
    <subfield code="o">3433</subfield>
    <subfield code="p">3433</subfield>
    <subfield code="r">2021-01-27 00:00:00</subfield>
    <subfield code="s">2020-12-12</subfield>
    <subfield code="w">2016-05-20</subfield>
    <subfield code="y">BK</subfield>
  </datafield>
  <datafield tag="952" ind1=" " ind2=" ">
    <subfield code="0">0</subfield>
    <subfield code="1">0</subfield>
    <subfield code="4">0</subfield>
    <subfield code="7">0</subfield>
    <subfield code="a">JRU</subfield>
    <subfield code="b">MAIN</subfield>
    <subfield code="c">SHELF-45-N</subfield>
    <subfield code="d">2016-05-20</subfield>
    <subfield code="g">260.00</subfield>
    <subfield code="l">1</subfield>
    <subfield code="o">3433</subfield>
    <subfield code="p">3434</subfield>
    <subfield code="r">2016-09-08 00:00:00</subfield>
    <subfield code="s">2016-08-24</subfield>
    <subfield code="w">2016-05-20</subfield>
    <subfield code="y">BK</subfield>
  </datafield>
  <datafield tag="952" ind1=" " ind2=" ">
    <subfield code="0">0</subfield>
    <subfield code="1">0</subfield>
    <subfield code="4">0</subfield>
    <subfield code="7">0</subfield>
    <subfield code="8">MINING</subfield>
    <subfield code="a">JRU</subfield>
    <subfield code="b">JRU</subfield>
    <subfield code="c">SHELF-58-G</subfield>
    <subfield code="d">2016-05-20</subfield>
    <subfield code="g">260.00</subfield>
    <subfield code="l">3</subfield>
    <subfield code="o">3433</subfield>
    <subfield code="p">3435</subfield>
    <subfield code="r">2016-12-20 00:00:00</subfield>
    <subfield code="s">2016-11-30</subfield>
    <subfield code="w">2016-05-20</subfield>
    <subfield code="y">BK</subfield>
  </datafield>
  <datafield tag="952" ind1=" " ind2=" ">
    <subfield code="0">0</subfield>
    <subfield code="1">0</subfield>
    <subfield code="4">0</subfield>
    <subfield code="7">0</subfield>
    <subfield code="a">JRU</subfield>
    <subfield code="b">MAIN</subfield>
    <subfield code="c">SHELF-45-N</subfield>
    <subfield code="d">2016-05-20</subfield>
    <subfield code="g">260.00</subfield>
    <subfield code="l">2</subfield>
    <subfield code="m">1</subfield>
    <subfield code="o">3433</subfield>
    <subfield code="p">3436</subfield>
    <subfield code="r">2016-10-07 00:00:00</subfield>
    <subfield code="s">2016-09-16</subfield>
    <subfield code="w">2016-05-20</subfield>
    <subfield code="y">BK</subfield>
  </datafield>
  <datafield tag="952" ind1=" " ind2=" ">
    <subfield code="0">0</subfield>
    <subfield code="1">0</subfield>
    <subfield code="4">0</subfield>
    <subfield code="7">0</subfield>
    <subfield code="a">JRU</subfield>
    <subfield code="d">2016-05-20</subfield>
    <subfield code="g">260.00</subfield>
    <subfield code="l">2</subfield>
    <subfield code="o">3433</subfield>
    <subfield code="p">3437</subfield>
    <subfield code="r">2022-12-22 00:00:00</subfield>
    <subfield code="s">2022-12-21</subfield>
    <subfield code="w">2016-05-20</subfield>
    <subfield code="y">BK</subfield>
  </datafield>
  <datafield tag="952" ind1=" " ind2=" ">
    <subfield code="0">0</subfield>
    <subfield code="1">0</subfield>
    <subfield code="4">0</subfield>
    <subfield code="7">0</subfield>
    <subfield code="8">REF</subfield>
    <subfield code="a">JRU</subfield>
    <subfield code="b">MAIN</subfield>
    <subfield code="c">SHELF -72 - J</subfield>
    <subfield code="d">2016-05-20</subfield>
    <subfield code="g">260.00</subfield>
    <subfield code="l">0</subfield>
    <subfield code="o">3433</subfield>
    <subfield code="p">3438</subfield>
    <subfield code="r">2016-05-20 00:00:00</subfield>
    <subfield code="w">2016-05-20</subfield>
    <subfield code="y">BK</subfield>
  </datafield>
  <datafield tag="952" ind1=" " ind2=" ">
    <subfield code="0">0</subfield>
    <subfield code="1">0</subfield>
    <subfield code="4">0</subfield>
    <subfield code="7">0</subfield>
    <subfield code="8">MINING</subfield>
    <subfield code="a">JRU</subfield>
    <subfield code="b">JRU</subfield>
    <subfield code="c">SHELF-58-G</subfield>
    <subfield code="d">2016-05-20</subfield>
    <subfield code="g">260.00</subfield>
    <subfield code="l">6</subfield>
    <subfield code="m">1</subfield>
    <subfield code="o">3433</subfield>
    <subfield code="p">3439</subfield>
    <subfield code="r">2018-12-03 00:00:00</subfield>
    <subfield code="s">2018-02-20</subfield>
    <subfield code="w">2016-05-20</subfield>
    <subfield code="y">BK</subfield>
  </datafield>
  <datafield tag="952" ind1=" " ind2=" ">
    <subfield code="0">0</subfield>
    <subfield code="1">0</subfield>
    <subfield code="4">0</subfield>
    <subfield code="7">0</subfield>
    <subfield code="8">MINING</subfield>
    <subfield code="a">JRU</subfield>
    <subfield code="b">JRU</subfield>
    <subfield code="c">SHELF-58-G</subfield>
    <subfield code="d">2016-05-20</subfield>
    <subfield code="g">260.00</subfield>
    <subfield code="l">7</subfield>
    <subfield code="m">3</subfield>
    <subfield code="o">3433</subfield>
    <subfield code="p">3440</subfield>
    <subfield code="r">2019-04-12 00:00:00</subfield>
    <subfield code="s">2019-03-14</subfield>
    <subfield code="w">2016-05-20</subfield>
    <subfield code="y">BK</subfield>
  </datafield>
  <datafield tag="952" ind1=" " ind2=" ">
    <subfield code="0">0</subfield>
    <subfield code="1">1</subfield>
    <subfield code="4">0</subfield>
    <subfield code="7">0</subfield>
    <subfield code="a">JRU</subfield>
    <subfield code="b">JRU</subfield>
    <subfield code="d">2016-05-20</subfield>
    <subfield code="g">260.00</subfield>
    <subfield code="l">0</subfield>
    <subfield code="o">3433</subfield>
    <subfield code="p">3441</subfield>
    <subfield code="r">2016-05-20 00:00:00</subfield>
    <subfield code="w">2016-05-20</subfield>
    <subfield code="y">BK</subfield>
  </datafield>
  <datafield tag="952" ind1=" " ind2=" ">
    <subfield code="0">0</subfield>
    <subfield code="1">0</subfield>
    <subfield code="4">0</subfield>
    <subfield code="7">0</subfield>
    <subfield code="a">JRU</subfield>
    <subfield code="b">MAIN</subfield>
    <subfield code="c">SHELF-45-N</subfield>
    <subfield code="d">2016-05-20</subfield>
    <subfield code="g">260.00</subfield>
    <subfield code="l">0</subfield>
    <subfield code="o">3433</subfield>
    <subfield code="p">3442</subfield>
    <subfield code="r">2016-05-20 00:00:00</subfield>
    <subfield code="w">2016-05-20</subfield>
    <subfield code="y">BK</subfield>
  </datafield>
</record>
